| 000 | 01009nam0a22002531 4500 | ||
|---|---|---|---|
| 001 | rc\566296 | ||
| 005 | 20030616170648.1 | ||
| 035 | _a(NLR Aleph) 005801034 | ||
| 090 |
_a5296964 _c5296964 |
||
| 100 | _a20030616d1987 u |0rusy50 ca | ||
| 101 | 0 | _arus | |
| 102 | _aRU | ||
| 105 | _aa ||||||||| | ||
| 200 | 1 |
_aНаучная организация труда в управлении производственным коллективом _eОбщеотрасл. науч.-метод. рекомендации _fНИИ труда _g[Подгот. Слезингером Г.Э. и др.] |
|
| 210 |
_aМ. _cЭкономика _d1987 |
||
| 215 |
_a316, [1] с. _cил. _d22 |
||
| 320 | _aБиблиогр.: с. 314-315 (52 назв.) | ||
| 702 | 1 |
_aСлезингер _bГ. Э. _gГригорий Эммануилович _4570 |
|
| 712 | 0 | 2 |
_aНИИ труда _cМосква _3RU\NLR\AUTH\889965033 |
| 801 | 0 |
_aRU _bNLR _gpsbo |
|
| 801 | 1 |
_aRU _bELAR _2rusmarc |
|
| 852 |
_aNLR _j87-5/2667 |
||
| 942 | _cBOOK | ||
| 980 | _aNB | ||